| 000 | 00438nam a22001697a 4500 | ||
|---|---|---|---|
| 005 | 20180813120417.0 | ||
| 008 | 160618b xxu||||| |||| 00| 0 eng d | ||
| 020 | _a81-7929-078-6 | ||
| 041 | _aeng | ||
| 082 |
_b8157 _a658.3124 |
||
| 100 |
_aLandale, Anthony _92224 |
||
| 245 | _aTRAINING AND DEVELOPMENT :a complete handbook | ||
| 260 |
_bInfinity Book _c2004 _anew delhi |
||
| 300 | _a428p, | ||
| 650 |
_aManagement _9241 |
||
| 942 | _cBK | ||
| 999 |
_c3111 _d3110 |
||